Programming Microsoft .Net /

Microsoft .NET es un estándar industrial que hace que los servicios de software que estén disponibles en cualquier lugar o en cualquier dispositivo, a través de Internet, puedan ser manejados indistintamente de la plataforma en que se basen. .NET combina un ambiente de tiempo de ejecución administra...

ver descrição completa

Na minha lista:
Detalhes bibliográficos
Autor principal: Prosise, Jeff (autor)
Formato: Livro
Idioma:inglês
Publicado em: Redmond, EUA : Microsoft, 2002, c2002
Colecção:(Core Reference)
Assuntos:
Tags: Adicionar Tag
Sem tags, seja o primeiro a adicionar uma tag!

MARC

LEADER 00000nam^a2200000^a^4500
001 000156077
005 20250521000000.0
009 20260310100450.823
020 |a 0-7356-1376-1 
037 |a Acervo ITESO - Biblioteca 
041 |a ING 
082 |a 005. 133  |b PRO 
100 |a Prosise, Jeff  |e (autor) 
245 1 0 |a Programming Microsoft .Net /  |c J. Prosise. 
264 4 |a Redmond, EUA :  |b Microsoft,  |c 2002, c2002 
300 |a XXIII, 773 p. +  |e 1 disco compacto de computadora 
336 |a texto  |b txt  |2 rdacontenido 
337 |a sin mediación  |b n  |2 rdamedio 
338 |a volumen  |b nc  |2 rdasoporte 
440 1 |a (Core Reference) 
520 |a Microsoft .NET es un estándar industrial que hace que los servicios de software que estén disponibles en cualquier lugar o en cualquier dispositivo, a través de Internet, puedan ser manejados indistintamente de la plataforma en que se basen. .NET combina un ambiente de tiempo de ejecución administrado con una rica biblioteca de clases, que facilita la construcción y despliegue de aplicaciones para web. En esta obra se explican los modelos clave incluidos en .NET para las formas de Windows, formas de web y servicios XML de web. 
649 |a XX 
650 |a Internet 
650 |a Comunicación en Red 
650 |a Telecomunicaciones 
650 |a Comunicaciones y Tránsito 
650 |a Lenguajes de Programación 
650 |a Programación Orientada a Objetos 
650 |a Programación (Software) 
650 |a Desarrollo de Sistemas 
650 |a Sistemas Computacionales 
650 |a Ingeniería Computacional 
910 |a Fondo General 
920 |a Impresos - Libros 
930 |a Colección General 
905 |a 101 
901 |a SFW0000356  |b IT2  |c SWS  |u 20250521 
901 |a 0500083854  |b IT1  |c ACC  |u 20250521 
902 |a https://opac.biblio.iteso.mx/vufind/Record/000156077